Catálogo
 En Linea

Vuelo bajo la lluvia / (Registro nro. 48893)

Detalles MARC
000 -CABECERA
campo de control de longitud fija 00462nam a22001697a 4500
003 - IDENTIFICADOR DEL NÚMERO DE CONTROL
campo de control OSt
005 - FECHA Y HORA DE LA ÚLTIMA TRANSACCIÓN
campo de control 20201015135652.0
008 - DATOS DE LONGITUD FIJA--INFORMACIÓN GENERAL
campo de control de longitud fija 201015b ||||| |||| 00| 0 eng d
040 ## - FUENTE DE LA CATALOGACIÓN
Centro catalogador/agencia de origen DO-SdBNP
Lengua de catalogación spa
Centro/agencia transcriptor BNPHU
082 ## - NÚMERO DE LA CLASIFICACIÓN DECIMAL DEWEY
Número de documento/Ítem F362v
100 ## - ENTRADA PRINCIPAL--NOMBRE DE PERSONA
Nombre de persona Fernàndez, Leonardo
9 (RLIN) 76919
245 ## - MENCIÓN DE TÍTULO
Título Vuelo bajo la lluvia /
Mención de responsabilidad, etc. Leonardo Fernàndez
260 ## - PUBLICACIÓN, DISTRIBUCIÓN, ETC.
Lugar de publicación, distribución, etc. [s. l] :
Nombre del editor, distribuidor, etc. [s. n],
Fecha de publicación, distribución, etc. 1997
590 ## - NOTA LOCAL (RLIN)
Nota local Inventariado, 2020 / DG
910 ## - DATOS DE OPCIÓN DEL USUARIO (OCLC)
Datos de opción del usuario Inventariado, 2020 / DG
942 ## - ELEMENTOS DE PUNTO DE ACCESO ADICIONAL (KOHA)
Fuente del sistema de clasificación o colocación Dewey Decimal Classification
Tipo de ítem Koha Libro
Existencias
Estado de retiro Estado de pérdida Fuente del sistema de clasificación o colocación No para préstamo Localización permanente Ubicación/localización actual Ubicación en estantería Fecha de adquisición Fuente de adquisición Total de préstamos Signatura topográfica completa Fecha visto por última vez Precio válido a partir de Tipo de ítem Koha
    Dewey Decimal Classification   Biblioteca Nacional Pedro Henríquez Ureña Biblioteca Nacional Pedro Henríquez Ureña En catalogación 15.10.2020 Donado por Manuel Ortìz   F362v 15.10.2020 15.10.2020 Libro

Con tecnología Koha